000 00615nam a2200205Ia 4500
003 GCL
008 140319s9999 xx 000 0 ara d
040 _aGCL /
_cGCL
082 0 4 _a162
_bم ف
100 1 _aماهر عبدالقادر محمد على
245 1 0 _aفلسفة العلوم: المشكلات المعرفية ج2 /
_cماهر عبدالقادر محمد على
300 _a258 ص
490 _a
650 0 4 _aالمعرفة
650 0 4 _aالمنطق
650 0 4 _aالعقل
650 0 4 _aالاستدلال البرهانى
650 0 4 _aالفلسفة - نظريات
942 _2ddc
_cBK
999 _c37580
_d37580